Interkultureller Ansatz im Fremdsprachenunterricht

Salvato in:
Dettagli Bibliografici
Autore principale: Kunovská, Ingrid, 1976-
Natura: Capitolo di libro
Lingua:tedesco
Soggetti:
Tags: Aggiungi Tag
Nessun Tag, puoi essere il primo ad aggiungerne!!

MARC

LEADER 00000naa$a2200000$$$4500
001 0223913
005 20260202101324.0
041 0 |a ger 
044 |a DE 
245 1 0 |a Interkultureller Ansatz im Fremdsprachenunterricht  |c Ingrid Kunovská 
610 2 0 |a komunikácia interkultúrna 
610 2 0 |a kultúra 
610 2 0 |a jazyky cudzie 
610 2 0 |a vyučovanie 
610 2 0 |a reálie 
100 1 |a Kunovská, Ingrid, 1976-